• 首页
  • 本馆介绍
  • 公告通知
  • 最新文献
  • 馆藏检索
  • 电子资源
  • 读者导购
  • 参考咨询
  • 我的图书馆
  • 登录
  • 详细信息显示
  • 放入我的书架
  • 预约/预借图书
  • 作者相关作品
  • 分类相关作品
  • 丛书相关作品
  • 出版社相关作品

书目信息

  • 表格格式
  • 工作单格式
  • 卡片格式
题名:
阿拉伯现代文学与神秘主义
    
 
作者: 李琛 著
分册:  
出版信息: 北京   华文出版社  2017
页数: 14,287页
开本: 23cm
丛书名:
单 册:
中图分类: I371.065
科图分类:
主题词: 现代文学--文学研究--阿拉伯半岛地区
电子资源:
ISBN: 978-7-5075-4713-9
000 01162nam0 2200229 450
001 2122
005 20180522165857.22
010    @a978-7-5075-4713-9@dCNY48.00
100    @a20171116d2017 em y0chiy50 ea
101 0  @achi
102    @aCN@b110000
105    @ay z 000yy
200 1  @a阿拉伯现代文学与神秘主义@9a la bo xian dai wen xue yu shen mi zhu yi@f李琛著
210    @a北京@c华文出版社@d2017
215    @a14,287页@d23cm
314    @a李琛 (1939-),阿拉伯文学副研究员。1962年毕业于外交学院阿拉伯语高翻班。1977年转至中国社科院外国文学所东方室。主要著作有《阿拉伯现代文学与神秘主义》;译作有《我们街区的孩子们》《落日的呼唤》等。
330    @a本书作者选择了黎巴嫩、埃及、突尼斯、伊拉克、利比亚等5个阿拉伯国家的9位具有代表性的诗人、作家、戏剧家,包括纪伯伦、马斯阿迪、诺奖得主马哈福兹、法格海和黑托尼等,按出生年代顺序排列,分别予以介绍和评述,以便展示20世纪的阿拉伯文人如何在社会发展的不同阶段,继承、发扬民族文化的精华,并揭示所谓神秘主义——苏菲主义对阿拉伯文学之影响。
606 0  @a现代文学@x文学研究@y阿拉伯半岛地区
690    @aI371.065@v5
701  0 @a李琛@9li chen@f(1939-)@4著
801  0 @aCN@b91MARC@c20171116
905    @aMuseLib@dI371.065@e223
    
    阿拉伯现代文学与神秘主义/李琛著.-北京:华文出版社,2017
    14,287页;23cm
    
    
    ISBN 978-7-5075-4713-9:CNY48.00
    本书作者选择了黎巴嫩、埃及、突尼斯、伊拉克、利比亚等5个阿拉伯国家的9位具有代表性的诗人、作家、戏剧家,包括纪伯伦、马斯阿迪、诺奖得主马哈福兹、法格海和黑托尼等,按出生年代顺序排列,分别予以介绍和评述,以便展示20世纪的阿拉伯文人如何在社会发展的不同阶段,继承、发扬民族文化的精华,并揭示所谓神秘主义——苏菲主义对阿拉伯文学之影响。
●
相关链接 在E读中查询图书 在五车中查询图书 在当当中查询图书 在豆瓣中查询图书


正题名:阿拉伯现代文学与神秘主义     索取号:I371.065/223         预约/预借

序号 登录号 条形码 馆藏地/架位号 状态 备注
1 1108041   211080417   第一样本阅览室/ [索取号:I371.065/223] 在馆    
2 1108042   211080426   教育系资料室/ [索取号:I371.065/223] 在馆    
3 1108043   211080435   教育系资料室/ [索取号:I371.065/223] 在馆    
4 1108044   211080444   第二借阅区/ [索取号:I371.065/223] 在馆    
唐山师范学院图书馆 欢迎您!
大连网信软件有限公司© 版权所有